000 01055cab a2200373 4500
001 ABS56178
008 090401t1996 xxu||||| |||| 00| 0 eng d
035 _a(Sirsi) u21744
041 _aeng
245 _aMidlands
260 _c1996
350 _a0
490 _aProperty Week
_v57(8) 22 November 1996, 3-70(13)
650 _aBIRMINGHAM
650 _aBRINDLEYPLACE
650 _aCITY CENTRES
650 _aINDUSTRIAL MARKET
650 _aINVESTMENT MARKET
650 _aKINGSPARK DEVELOPMENTS
650 _aLEISURE MARKET
650 _aM42 CORRIDOR
650 _aNOTTINGHAM
650 _aPROPERTY-COMMERCIAL PROPERTY-OFFICE PROPERTY-OFFICE PROPERTY MARKET
650 _aRENT REVIEWS
650 _aPROPERTY-COMMERCIAL PROPERTY-RETAIL PROPERTY-RETAIL PROPERTY MARKET
650 _aSOLIHULL
650 _aSUTTON COLDFIELD
650 _aURBAN REGENERATION
650 _aWEST MIDLANDS
650 _aWOLVERHAMPTON
690 _aPROPERTY-COMMERCIAL PROPERTY-COMMERCIAL PROPERTY MARKET
942 _n0
948 _c04/03/1997
999 _c14579
_d14579